| 000 | 00456nam a22001817a 4500 | ||
|---|---|---|---|
| 003 | MPLRDC | ||
| 005 | 20220104194227.0 | ||
| 008 | 210129b ||||| |||| 00| 0 eng d | ||
| 020 | _a978-986-344-061-1 | ||
| 082 | _a548.6 LYL-2 | ||
| 100 | _aDOUGLAS P. LYLE | ||
| 245 |
_a法医.尸体.解剖2 _c毛佩琦 译 |
||
| 250 | _a初版八刷 | ||
| 260 |
_a台湾 _b麦田出版 _c2014 |
||
| 300 | _b平 | ||
| 650 | _a侦探 | ||
| 942 |
_cBK _o548.6 LYL-2 |
||
| 999 |
_c65574 _d65564 |
||